000 00405nam a2200181Ia 4500
005 20250425161546.0
008 250425s9999 xx 000 0 und d
041 _aspa
082 _a620.112
100 _aTIMOSHENKO, S.
245 0 _aRESISTENCIA DE MATERIALES
250 _aS.E.
260 _aEspaƱa
_bESPASA-CALPE
_c1970
260 _aMADRID
300 _a498
942 _c01
010 _a23009
999 _c211598
_d211598